[Event "Verona op-B"]
[Site "Verona"]
[Date "2017.01.06"]
[Round "7.19"]
[White "Perantoni, Matteo"]
[Black "Guglielmi, Dante"]
[Result "0-1"]
[WhiteElo "1611"]
[BlackElo "1782"]
[PlyCount "62"]
[EventDate "2017.01.02"]
[EventType "swiss"]
[EventRounds "7"]
[EventCountry "ITA"]
[SourceTitle "EXT 2018"]
[Source "ChessBase"]
[SourceDate "2017.10.13"]
[SourceVersion "1"]
[SourceVersionDate "2017.10.13"]
[SourceQuality "1"]

1. e4 c5 2. Nf3 d6 3. d4 cxd4 4. Nxd4 Nf6 5. Nc3 Nc6 6. Bb5 Bd7 7. 0-0 g6 8. f3 Bg7 9. Be3 0-0 10. Bxc6 bxc6 11. Qd2 Re8 12. Rad1 Qc7 13. Rfe1 Rab8 14. b3 Qa5 15. a4 Qb4 16. Na2 Qxd2 17. Rxd2 c5 18. Ne2 c4 19. Nac1 Rb7 20. Nc3 cxb3 21. cxb3 Rc8 22. N3a2 Be6 23. b4 Nd7 24. Ree2 Nb6 25. Bxb6 axb6 26. Nd3 Ra8 27. a5 bxa5 28. bxa5 Rxa5 29. Rc2 Bd4+ 30. Kf1 Bb3 31. Rcd2 Bc4 0-1

[Event "Verona op-B"]
[Site "Verona"]
[Date "2017.01.02"]
[Round "1.23"]
[White "Maffeo, Mauro"]
[Black "Perantoni, Matteo"]
[Result "1-0"]
[WhiteElo "1736"]
[BlackElo "1611"]
[PlyCount "37"]
[EventDate "2017.01.02"]
[EventType "swiss"]
[EventRounds "7"]
[EventCountry "ITA"]
[SourceTitle "EXT 2018"]
[Source "ChessBase"]
[SourceDate "2017.10.13"]
[SourceVersion "1"]
[SourceVersionDate "2017.10.13"]
[SourceQuality "1"]

1. d4 d5 2. e3 Nf6 3. Bd3 b6 4. c3 Bb7 5. f4 Nbd7 6. Nf3 c5 7. 0-0 e6 8. Nbd2 Bd6 9. Ne5 Qc7 10. Ndf3 0-0 11. Qe1 Bxe5 12. fxe5 Ne8 13. Bxh7+ Kxh7 14. Qh4+ Kg6 15. Qg5+ Kh7 16. Qh5+ Kg8 17. Ng5 Nef6 18. exf6 Nxf6 19. Rxf6 1-0